Emerson Electric Co. <A> Century of Manufacturing 1890-1990

Salvato in:
Dettagli Bibliografici
Natura: Libro
Lingua:inglese
Pubblicazione: St. Louis Emerson Electric Co. 1989
Edizione:1. ed.
Soggetti:
Tags: Aggiungi Tag
Nessun Tag, puoi essere il primo ad aggiungerne!!

MARC

LEADER 00000nam a2200000 4500
001 c002090
005 20221206131304.1
041 0 |a eng 
044 |a US 
245 1 0 |a Emerson Electric Co.  |b <A> Century of Manufacturing 1890-1990 
250 |a 1. ed. 
264 1 |a St. Louis  |b Emerson Electric Co.  |c 1989 
300 |a 265 s. 
610 2 0 |a Emerson Electric Co. 
610 2 0 |a USA 
610 2 0 |a história 
610 2 0 |a 1890-1990 
610 2 0 |a výroba 
610 2 0 |a riadenie 
610 2 0 |a organizácia podniku